00484nam a2200169 a 4500020001800000082002000018100001800038245002300056260002500079300000900104500003500113650002400148700001800172942000700190952010000197999001700297 a8186706 00a305.40954 bKOT aKothari, Rita aSpeech and Silence aDelhibZubaan c2006 a151p aincludes index and biblioraphy aWomen-India-gujarat1 aKothari, Rita cBK 00104070aHMIbHMId2009-01-30g195.00l0o305.40954 KOTp022627r2009-01-30w2026-01-16yBK c14409d14409